000
00347nam a2200157Ia 4500
003
OSt
005
20240123145125.0
008
170523s9999 xx 000 0 und d
020
_a
8122403387
040
_c
iimt university meerut
100
_a
MAJUMDAR- R
245
0
_a
MARKETING RESEARCH
260
_b
NEW DELHI
260
_c
1996
942
_2
ddc
_c
02
999
_c
68
_d
68